Cat's new book / Nathalie Belhassen.
Available copies
- 0 of 2 copies available at LARL/NWRL Consortium.
- 0 of 2 copies available at Lake Agassiz Regional Library. (Show preferred library)
Current holds
1 current hold with 2 total copies.
Show Only Available Copies
| Location | Call Number / Copy Notes | Barcode | Shelving Location | Status | Due Date |
|---|---|---|---|---|---|
| Hendrum LINK Site | E B (Text) | 33500014374276 | New | In transit | - |
| Moorhead Public Library | E B (Text) | 33500014374268 | New | Checked out | 06/04/2026 |
Record details
- ISBN: 9781523528592
- ISBN: 1523528591
- Physical Description: 1 volume (unpaged) : color illustrations ; 27 cm
- Edition: First edition.
- Publisher: New York : Little, Brown and Company, 2026.
- Copyright: ©2026
Content descriptions
| Summary, etc.: | "Cat has a new book! Its cover is clean. Its pages ... Read More |
| Target Audience Note: | Ages 4-8. Little, Brown and Company. |
Search for related items by subject
| Genre: | Children's stories > Pictorial works. Picture books. Animal fiction. |
| LDR | 03422cam a2200781 i 4500 | ||
|---|---|---|---|
| 001 | 486543 | ||
| 003 | LARL_NWRL_CONSORTIUM | ||
| 005 | 20260511144632.0 | ||
| 008 | 250210t20262026nyua b 000 1 eng | ||
| 010 | . | ‡a 2024059757 | |
| 040 | . | ‡aDLC ‡beng ‡erda ‡cDLC ‡dOCLCO ‡dIG# ‡dBDX ‡dYDX ‡dTOH ‡dOCLCO ‡dUKMGB ‡dOCLCO ‡dVP@ ‡dOCLCO ‡dCHILD ‡dJTH ‡dOI6 ‡dOCO ‡dOCLCO ‡dEB$ ‡dOCLCO ‡dYDX ‡dYBM ‡dMWD | |
| 015 | . | ‡aGBC6005685 ‡2bnb | |
| 016 | 7 | . | ‡a300666638 ‡2Uk |
| 020 | . | ‡a9781523528592 ‡qhardcover | |
| 020 | . | ‡a1523528591 ‡qhardcover | |
| 024 | 8 | . | ‡aCIPO000321437 |
| 035 | . | ‡a(OCoLC)1498820085 | |
| 042 | . | ‡apcc | |
| 082 | 0 | 4. | ‡a823/.92 ‡a[E] ‡223/eng/20260401 |
| 100 | 1 | . | ‡aBelhassen, Nathalie, ‡d1983- ‡eauthor, ‡eillustrator. |
| 245 | 1 | 0. | ‡aCat's new book / ‡cNathalie Belhassen. |
| 250 | . | ‡aFirst edition. | |
| 264 | 1. | ‡aNew York : ‡bLittle, Brown and Company, ‡c2026. | |
| 264 | 4. | ‡c©2026 | |
| 300 | . | ‡a1 volume (unpaged) : ‡bcolor illustrations ; ‡c27 cm | |
| 336 | . | ‡atext ‡btxt ‡2rdacontent | |
| 336 | . | ‡astill image ‡bsti ‡2rdacontent | |
| 337 | . | ‡aunmediated ‡bn ‡2rdamedia | |
| 338 | . | ‡avolume ‡bnc ‡2rdacarrier | |
| 385 | . | ‡nage ‡aChildren ‡0(DLC)dg2015060010 ‡2lcdgt | |
| 521 | 1 | . | ‡aAges 4-8. ‡bLittle, Brown and Company. |
| 520 | . | ‡a"Cat has a new book! Its cover is clean. Its pages are nice and smooth. It even smells good! He can read it whenever he likes, because it's all his, and he plans to keep it looking new forever. But then Mole asks to read it. And then Frog. And then Tortoise. After so much sharing, Cat's perfect new book is sandy and stained and ... not so new anymore. This makes Cat sad. What will it take for Cat to learn what really makes books special?" ‡cFront book flap. | |
| 650 | 0. | ‡aCats ‡vJuvenile fiction. ‡0(LARL_NWRL_CONSORTIUM)164135 | |
| 650 | 0. | ‡aAnimals ‡vJuvenile fiction. ‡0(LARL_NWRL_CONSORTIUM)162061 | |
| 650 | 0. | ‡aBooks and reading ‡vJuvenile fiction. ‡0(LARL_NWRL_CONSORTIUM)170937 | |
| 650 | 0. | ‡aPerfectionism (Personality trait) ‡vJuvenile fiction. | |
| 650 | 0. | ‡aSharing ‡vJuvenile fiction. ‡0(LARL_NWRL_CONSORTIUM)174989 | |
| 650 | 0. | ‡aFriendship ‡vJuvenile fiction. ‡0(LARL_NWRL_CONSORTIUM)164914 | |
| 650 | 0. | ‡aConduct of life ‡vJuvenile fiction. ‡0(LARL_NWRL_CONSORTIUM)164161 | |
| 650 | 1. | ‡aCats ‡vFiction. ‡0(LARL_NWRL_CONSORTIUM)164102 | |
| 650 | 1. | ‡aAnimals ‡vFiction. ‡0(LARL_NWRL_CONSORTIUM)162060 | |
| 650 | 1. | ‡aBooks and reading ‡vFiction. ‡0(LARL_NWRL_CONSORTIUM)163741 | |
| 650 | 1. | ‡aSharing ‡vFiction. ‡0(LARL_NWRL_CONSORTIUM)167415 | |
| 650 | 7. | ‡aJUVENILE FICTION / General. ‡2bisacsh | |
| 650 | 7. | ‡aCats ‡vJuvenile fiction. ‡2sears ‡0(LARL_NWRL_CONSORTIUM)164135 | |
| 650 | 7. | ‡aAnimals ‡vJuvenile fiction. ‡2sears ‡0(LARL_NWRL_CONSORTIUM)162061 | |
| 650 | 7. | ‡aBooks and reading ‡vJuvenile fiction. ‡2sears ‡0(LARL_NWRL_CONSORTIUM)170937 | |
| 650 | 7. | ‡aSharing ‡vJuvenile fiction. ‡2sears ‡0(LARL_NWRL_CONSORTIUM)174989 | |
| 655 | 7. | ‡aChildren's stories ‡vPictorial works. ‡2gsafd | |
| 655 | 7. | ‡aPicture books. ‡2lcgft | |
| 655 | 7. | ‡aAnimal fiction. ‡2lcgft | |
| 905 | . | ‡uvanderl | |
| 901 | . | ‡a486543 ‡bAUTOGEN ‡c486543 ‡tbiblio ‡soclc | |

Add to basket
Permalink
Disable Highlighting